Statistics for Objects by Picture - L

Click here to take the quiz!

General Stats

  • This quiz has been taken 99 times
  • The average score is 12 of 15

Answer Stats

Answer % Correct
Lime
99%
Ladder
96%
Leopard
96%
Ladybird
95%
Lobster
94%
Leaf
93%
Lightning
91%
Lion
90%
Liver
89%
Limousine
89%
Lavender
71%
Leprechaun
67%
Ladle
63%
Lentil
60%
Lyre
56%

Score Distribution

Percentile by Number Answered

Percent of People with Each Score

Your Score History

You have not taken this quiz